000 00469nam a2200181Ia 4500
003 GCL
008 140319s9999 xx 000 0 eng d
040 _aGCL /
_cGCL
082 0 4 _a515
_bH D
100 1 _aHAUSNER, MEBRN
245 1 0 _aDISCRETE MATHEMATICS /
_cHAUSNER, MEBRN
260 _a[S.N] :
_bAHARCOURT BEACE JOVONOVICH LOLLEGE ،
_c1992
300 _a720 P
650 0 4 _aALGORITHMS
650 0 4 _aMATHEMATICS
650 0 4 _aALGEBRA, BOOLEAN
942 _2ddc
_cBK
999 _c14662
_d14662